| 000 | 00372 a2200109 4500 | ||
|---|---|---|---|
| 001 | ART_12975 | ||
| 005 | 20260410161734.0 | ||
| 008 | 260409a | ||
| 245 | 1 | 0 | _aAnálisis de un proyecto de inversión mediante la técnica de la simulación |
| 100 | 1 | _aGarcía, Roberto Mariano | |
| 773 | 0 |
_tEjecutivos de finanzas _g- Año 8, Nº 75 (may. 1991) _wREV2863 |
|
| 999 |
_c18163 _d18163 |
||